00000000nam##2200000za#4500
0019.618934
003CaOODSP
00520210615103135
007ta
008150406|2008||||xxc|||||     f|0| 0 eng|d
022 |a0706-6457
040 |aCaOODSP|beng
043 |an-cn---
0861 |aFs97-6/2796E
1101 |aCanada. |bDepartment of Fisheries and Oceans.
24510|aSummary of non-halibut catch from the Standardized Stock Assessment survey conducted by the International Pacific Halibut Commission in British Columbia from May 29 to July 22, 2006 / |cby K.L. Yamanaka ... [et al.].
260 |aNanaimo - British Columbia : |bFisheries and Oceans Canada |c2008.
300 |avii, 58p. : |bgraphs, maps, references, tables ; |c28 cm.
4901 |aCanadian technical report of fisheries and aquatic sciences|x0706-6457|v2796
500 |a"Fisheries and Oceans Canada, Science Branch, Pacific Region, Pacific Biological Station, Nanaimo, British Columbia, V9T 6N7".
546 |a(Résumé en français.)
563 |aSoftcover
590 |a08-30|b2008-07-25
69007|aAquatic ecosystems|2gcpds
69007|aFish|2gcpds
7201 |aYamanaka, K. L.
7760#|tSummary of non-halibut catch from the Standardized Stock Assessment Survey conducted by the International Pacific Halibut Commission in British Columbia from May 29 to July 22, 2006 |w(CaOODSP)9.574395
830#0|aCanadian technical report of fisheries and aquatic sciences,|x0706-6457|v2796|w(CaOODSP)9.514691